| 000 | 00611nam a2200217 a 4500 | ||
|---|---|---|---|
| 005 | 20210219152844.0 | ||
| 008 | 991125n 000 0 spa u | ||
| 035 | _aUPN01000063393 | ||
| 100 | 1 | _aLópez Gómez, Gilberto | |
| 222 | 0 | _aCOMUNICACION EDUCATIVA SEP | |
| 245 | 0 | 4 | _aLos albergues escolares : labor extraordinaria de la SEP : en beneficio de los niños indígenas |
| 260 | _aMéxico | ||
| 300 | _a12-14 | ||
| 362 | 0 | _a1991 Año 8, no. 93, jul. | |
| 653 | 0 | _aALBERGUES ESCOLARES | |
| 653 | 0 | _aINI | |
| 653 | 0 | _aNIÑO INDIGENA | |
| 653 | 0 | _aSEP | |
| 904 |
_aAC _b001204 |
||
| 905 | _aArticulo | ||
| 999 |
_c62087 _d62087 |
||